00971cam a22002657a 450000500170000000800410001701000100005801100100006803500100007808200130008810000310010124500520013250001600018459000410034459000410038559000410042659000410046759000420050865000320055065000330058265000320061565000340064790100070068199900170068820220329141145.0971010s r 00010 d a63550 a64522 a6993004a109bC4y00aChatelet, Francois.92200410aHistoria de la filosofíab: ideas y doctrinas a1780 - 1880: la fiolosofia del mundo científico e industrial, 1860-1946 -- V.4 la filosofia de las ciencias sociales; de 1960 a nuestros dias el siglo XX aBATCH-UPDb10c20130110lUCH01h0419 aBATCH-UPDb10c20130110lUCH01h2341 aBATCH-UPDb10c20130410lUCH01h0054 aBATCH-UPDb10c20130914lUCH01h1407 aCONVERSIONb10c20130109lUCH01h133414aFilosofía antigua.94089814aFilosofía medieval.94090714aFilosofía moderna.94090914aFilosofíaxHistoria.940895 aBK c63550d63550